| 000 | 00653nam a2200241 a 4500 | ||
|---|---|---|---|
| 001 | 0001-1106 | ||
| 003 | ELIB.Books | ||
| 008 | 150123 2010 eng | ||
| 020 | _a0688130410 | ||
| 035 | _a(ELIB.Books)0001-1261 | ||
| 092 |
_a200 _bGel |
||
| 100 | _aGellman, Rabbi Marc | ||
| 245 |
_aHow Do You Spell God? _bAnswers to the Big Questions From Around the World |
||
| 260 |
_aNew York _bMorrow Junior Books _c1995 |
||
| 300 |
_a206 _c23 Cm |
||
| 500 | _aDr. Yahalaylayla | ||
| 650 | _aReligions | ||
| 856 |
_nKBTS; Library _uKBTS; Elib. |
||
| 942 |
_2ddc _cBK |
||
| 990 | _a1 | ||
| 998 |
_cbat _e2015-01-23 |
||
| 999 |
_c11106 _d11106 |
||